[Event "Wuerttemberg-chT Rapid"]
[Site "Boeblingen"]
[Date "2024.04.13"]
[Round "7.10"]
[White "Hartmann, Martin"]
[Black "Namyslo, Holger"]
[Result "0-1"]
[WhiteElo "2158"]
[BlackElo "2125"]
[PlyCount "106"]
[EventDate "2024.04.13"]
[EventType "team-tourn"]
[EventRounds "9"]
[EventCountry "GER"]
[SourceTitle "CB17_2024"]
[SourceDate "2024.04.24"]
[SourceVersion "1"]
[SourceVersionDate "2024.04.24"]
[SourceQuality "1"]

1. e4 e6 2. d4 d5 3. e5 c5 4. c3 Nc6 5. Nf3 Nh6 6. Bxh6 gxh6 7. Bd3 f6 8. 0-0 Bg7 9. Re1 0-0 10. Nbd2 Kh8 11. Nf1 Bd7 12. Ng3 Be8 13. exf6 Qxf6 14. Qe2 cxd4 15. Qxe6 Qxe6 16. Rxe6 dxc3 17. bxc3 Bxc3 18. Rc1 Bf6 19. Rb1 b6 20. Rc1 Nb4 21. Bb1 Bg6 22. a3 Bb2 23. Rd1 Bxa3 24. Bxg6 hxg6 25. Rxg6 Kh7 26. Nh4 Rf4 27. Ngf5 Rxf5 28. Rxh6+ Kxh6 29. Nxf5+ Kg5 30. Nd4 Rc8 31. Nb5 Rc1 32. Rxc1 Bxc1 33. Nxa7 d4 34. Nb5 d3 35. Kf1 Nc2 36. Nc3 Kf5 37. h4 Kg4 38. g3 Kf3 39. h5 Kg4 40. Kg2 Nd4 41. Kf1 Nf3 42. Kg2 Ne5 43. Kf1 Kxh5 44. Ke1 Kg4 45. Kd1 Bb2 46. Nd5 b5 47. f4 Nc4 48. Nb4 d2 49. Kc2 Bc1 50. Nd3 Ne3+ 51. Kc3 Kxg3 52. Nb2 Bxb2+ 53. Kxd2 Kxf4 0-1

[Event "Wuerttemberg-chT Rapid"]
[Site "Boeblingen"]
[Date "2024.04.13"]
[Round "3.6"]
[White "Vujic, Branimir"]
[Black "Namyslo, Holger"]
[Result "1/2-1/2"]
[WhiteElo "2218"]
[BlackElo "2125"]
[PlyCount "61"]
[EventDate "2024.04.13"]
[EventType "team-tourn"]
[EventRounds "9"]
[EventCountry "GER"]
[SourceTitle "CB17_2024"]
[SourceDate "2024.04.24"]
[SourceVersion "1"]
[SourceVersionDate "2024.04.24"]
[SourceQuality "1"]

1. d4 d5 2. Bf4 c5 3. e3 Nc6 4. Nc3 a6 5. dxc5 e5 6. Bg3 Be6 7. Nf3 f6 8. Na4 Bxc5 9. Nxc5 Qa5+ 10. c3 Qxc5 11. Be2 Nge7 12. 0-0 Qb6 13. Qb3 Qxb3 14. axb3 Kf7 15. b4 Nf5 16. Rfd1 h5 17. h3 Nxg3 18. fxg3 g6 19. Nd2 d4 20. exd4 exd4 21. Bc4 Rhe8 22. Bxe6+ Rxe6 23. Nb3 dxc3 24. bxc3 Rd8 25. Nc5 Rxd1+ 26. Rxd1 Re7 27. Rd6 Rc7 28. g4 hxg4 29. hxg4 a5 30. g5 fxg5 31. b5 1/2-1/2

[Event "GER-ch Rapid 49th"]
[Site "Dinkelsbuehl"]
[Date "2023.11.12"]
[Round "7"]
[White "Kleeschaetzky, Rainer"]
[Black "Namyslo, Holger"]
[Result "1-0"]
[WhiteElo "2243"]
[BlackElo "2154"]
[PlyCount "119"]
[EventDate "2023.11.11"]
[EventType "swiss (rapid)"]
[EventRounds "9"]
[EventCountry "GER"]
[SourceTitle "CB46_2023"]
[SourceDate "2023.11.15"]
[SourceVersion "1"]
[SourceVersionDate "2023.11.15"]
[SourceQuality "1"]

1. e4 e6 2. d4 d5 3. e5 c5 4. c3 Nc6 5. Nf3 Nh6 6. Bd3 f6 7. 0-0 Nf7 8. Re1 fxe5 9. dxe5 g6 10. Bf4 Bg7 11. h4 0-0 12. Bg3 Ne7 13. Nbd2 Nh6 14. h5 Nhf5 15. hxg6 Nxg6 16. c4 Nxg3 17. fxg3 d4 18. Qc2 Qe8 19. Bxg6 Qxg6 20. Qxg6 hxg6 21. Re4 Bh6 22. Rh4 Be3+ 23. Kh2 Kg7 24. Ne4 b6 25. Nf6 Rh8 26. Rxh8 Kxh8 27. Ng4 Ba6 28. b3 Kg7 29. Nxe3 dxe3 30. Re1 Rd8 31. Rxe3 Kh6 32. g4 g5 33. Re2 Bb7 34. Rd2 Rxd2 35. Nxd2 a6 36. Kg3 b5 37. cxb5 axb5 38. a4 c4 39. bxc4 bxa4 40. Nb1 Kg6 41. Kf2 Kf7 42. g3 Ke7 43. Ke3 Kd7 44. Kd4 Kc6 45. Na3 Kb6 46. Kc3 Kc5 47. Nb1 Bg2 48. Nd2 a3 49. Nb3+ Kc6 50. Nd4+ Kd7 51. Kb3 Bf1 52. c5 Bh3 53. Kxa3 Bxg4 54. Kb4 Bh3 55. Kb5 Kc7 56. c6 Bg4 57. Kc5 Bh3 58. Nb5+ Kc8 59. Kd6 Kb8 60. c7+ 1-0

[Event "GER-ch Rapid 49th"]
[Site "Dinkelsbuehl"]
[Date "2023.11.11"]
[Round "1"]
[White "Namyslo, Holger"]
[Black "Hess, Max"]
[Result "0-1"]
[WhiteElo "2154"]
[BlackElo "2385"]
[PlyCount "24"]
[EventDate "2023.11.11"]
[EventType "swiss (rapid)"]
[EventRounds "9"]
[EventCountry "GER"]
[SourceTitle "CB46_2023"]
[SourceDate "2023.11.15"]
[SourceVersion "1"]
[SourceVersionDate "2023.11.15"]
[SourceQuality "1"]

1. e4 c6 2. d4 d5 3. exd5 cxd5 4. c4 Nf6 5. Nc3 Nc6 6. Nf3 a6 7. cxd5 Nxd5 8. Bc4 Be6 9. Ng5 Nxc3 10. Nxe6 Nxd1 11. Nxd8 Rxd8 12. Kxd1 Rxd4+ 0-1

[Event "GER-ch Seniors 65 34th"]
[Site "Magdeburg"]
[Date "2022.08.13"]
[Round "2"]
[White "Namyslo, Holger"]
[Black "Zimmermann, Manfred"]
[Result "1-0"]
[WhiteElo "2168"]
[BlackElo "1933"]
[PlyCount "101"]
[EventDate "2022.08.12"]
[EventType "swiss"]
[EventRounds "9"]
[EventCountry "GER"]
[SourceTitle "CBM 209 Extra"]
[Source "ChessBase"]
[SourceDate "2022.09.30"]
[SourceVersion "1"]
[SourceVersionDate "2022.09.30"]
[SourceQuality "1"]

1. e4 c5 2. Nf3 a6 3. Nc3 e6 4. d4 cxd4 5. Nxd4 Nc6 6. Be2 Nge7 7. 0-0 Ng6 8. Be3 Be7 9. Kh1 0-0 10. f4 f6 11. Bh5 Nxd4 12. Qxd4 f5 13. Rad1 fxe4 14. Bxg6 hxg6 15. Qxe4 Qe8 16. Bb6 d5 17. Qd3 Qf7 18. Rde1 Bd7 19. Rf3 Bd6 20. Bd4 Qf5 21. Qe2 Rac8 22. Be5 Bc5 23. Rg3 Be7 24. Rf3 Bc6 25. Bd4 Bd7 26. h3 Bd6 27. Be5 Bxe5 28. fxe5 Qg5 29. Ref1 Rf5 30. Rxf5 gxf5 31. Qf2 Rc4 32. Kh2 f4 33. Re1 Bc6 34. Re2 Qf5 35. a3 g5 36. Qb6 d4 37. Qd8+ Kg7 38. Nd1 Rxc2 39. Qf6+ Qxf6 40. exf6+ Kxf6 41. Rxc2 e5 42. Nf2 Ke6 43. b4 Kd6 44. g3 f3 45. h4 gxh4 46. gxh4 b6 47. Rxc6+ Kxc6 48. h5 Kd5 49. h6 e4 50. Kg3 e3 51. Kxf3 1-0

[Event "Oberliga Wuerttemberg 2122"]
[Site "Wuerttemberg"]
[Date "2021.10.31"]
[Round "2.7"]
[White "Wendler, Werner"]
[Black "Namyslo, Holger"]
[Result "0-1"]
[WhiteElo "1919"]
[BlackElo "2198"]
[PlyCount "124"]
[EventDate "2021.09.19"]
[EventType "team-tourn"]
[EventRounds "9"]
[EventCountry "GER"]
[SourceTitle "EXT 2023"]
[Source "ChessBase"]
[SourceDate "2022.10.05"]
[SourceVersion "1"]
[SourceVersionDate "2022.10.05"]
[SourceQuality "1"]
[WhiteTeam "Bebenhausen"]
[BlackTeam "Biberach"]
[WhiteTeamCountry "GER"]
[BlackTeamCountry "GER"]

1. d4 d5 2. c4 e6 3. Nc3 c6 4. cxd5 exd5 5. Bf4 Nf6 6. Qc2 Be7 7. e3 0-0 8. Bd3 Nbd7 9. Nge2 Re8 10. 0-0 Nf8 11. h3 Ng6 12. Be5 Bf8 13. Bh2 Bd6 14. Bxd6 Qxd6 15. Rab1 Nh4 16. Ng3 Bd7 17. Nf5 Nxf5 18. Bxf5 g6 19. Bxd7 Nxd7 20. Rfc1 Rac8 21. Ne2 Nb6 22. b3 Re7 23. Nf4 Rec7 24. Nd3 Nd7 25. Qb2 b6 26. Qd2 Nf6 27. Rc2 Ne4 28. Qd1 c5 29. dxc5 bxc5 30. Nf4 d4 31. Qd3 Qe5 32. Ne2 Qf5 33. f3 Ng3 34. Qxf5 Nxf5 35. e4 Nd6 36. Rd2 a5 37. Nf4 a4 38. Rc1 axb3 39. axb3 Rb7 40. Nd5 Kg7 41. b4 cxb4 42. Rxc8 Nxc8 43. Rxd4 b3 44. Rd1 b2 45. Rb1 Nd6 46. Ne3 Rb3 47. Kf2 f5 48. exf5 gxf5 49. g3 Kf6 50. Ke2 Nb5 51. Nd1 Nd4+ 52. Kd2 Nxf3+ 53. Kc2 Nd4+ 54. Kd2 Rxg3 55. Rxb2 Rxh3 56. Rb8 Ke5 57. Rd8 Nf3+ 58. Ke3 Ng5+ 59. Ke2 Rh2+ 60. Kf1 Kf4 61. Nf2 Ne4 62. Rd4 Rxf2+ 0-1

[Event "Oberliga Wuerttemberg 2122"]
[Site "Wuerttemberg"]
[Date "2021.09.19"]
[Round "1.7"]
[White "Namyslo, Holger"]
[Black "Schmid, Dominik"]
[Result "1-0"]
[WhiteElo "2198"]
[BlackElo "1991"]
[PlyCount "43"]
[EventDate "2021.09.19"]
[EventType "team-tourn"]
[EventRounds "9"]
[EventCountry "GER"]
[SourceTitle "EXT 2023"]
[Source "ChessBase"]
[SourceDate "2022.10.05"]
[SourceVersion "1"]
[SourceVersionDate "2022.10.05"]
[SourceQuality "1"]
[WhiteTeam "Biberach"]
[BlackTeam "Ulm Weisse Dame"]
[WhiteTeamCountry "GER"]
[BlackTeamCountry "GER"]

1. e4 c6 2. d4 d5 3. e5 c5 4. dxc5 e6 5. Nd2 Bxc5 6. Nb3 Ne7 7. Qg4 h5 8. Qxg7 Rg8 9. Qh7 Qb6 10. Nxc5 Qxc5 11. Nf3 Qb4+ 12. c3 Qe4+ 13. Qxe4 dxe4 14. Ng5 Ng6 15. Nxe4 Kf8 16. Bh6+ Ke7 17. Bg5+ Kf8 18. f4 Nc6 19. 0-0-0 Kg7 20. g3 Nge7 21. Be2 Kg6 22. h3 1-0

[Event "GER-ch Net blitz qual4"]
[Site "Playchess.com INT"]
[Date "2021.05.10"]
[Round "7"]
[White "Namyslo, Holger"]
[Black "Seidentopf, Daniel"]
[Result "1/2-1/2"]
[WhiteElo "1972"]
[BlackElo "2104"]
[PlyCount "102"]
[EventDate "2021.05.10"]
[EventType "swiss (blitz)"]
[EventRounds "11"]
[EventCountry "GER"]
[SourceTitle "CBM 202 Extra"]
[Source "ChessBase"]
[SourceDate "2021.07.31"]
[SourceVersion "1"]
[SourceVersionDate "2021.07.31"]
[SourceQuality "1"]

1. e4 e6 2. d4 d5 3. Nc3 Nf6 4. Bg5 Bb4 5. e5 h6 6. Bd2 Bxc3 7. bxc3 Ne4 8. Bc1 c5 9. Ne2 0-0 10. h4 cxd4 11. cxd4 Qa5+ 12. c3 Nc6 13. Qb3 f6 14. f3 fxe5 15. fxe4 Nxd4 16. Nxd4 exd4 17. Bd2 dxc3 18. Bxc3 Qc5 19. Qb2 e5 20. Bxe5 Re8 21. Be2 Qe7 22. Bc3 Qxe4 23. Rf1 Bg4 24. Rf2 d4 25. Bxd4 Rad8 26. Bxg7 Bxe2 27. Rxe2 Qxh4+ 28. Kf1 Qh1+ 29. Kf2 Rxe2+ 30. Qxe2 Qh4+ 31. Kg1 Kxg7 32. Qe5+ Qf6 33. Qxf6+ Kxf6 34. Rf1+ Kg6 35. Rb1 b6 36. Rb4 Rd1+ 37. Kh2 Rd2 38. Ra4 a5 39. a3 Rd3 40. g3 Kg5 41. Kh3 h5 42. Kg2 Rb3 43. Kf2 Kf5 44. Kg2 Ke5 45. Rh4 Rxa3 46. Rxh5+ Ke4 47. Rb5 a4 48. Rxb6 Rb3 49. Ra6 a3 50. Ra4+ Kf5 51. Kh3 Kg6 1/2-1/2

[Event "GER-ch Net blitz qual2"]
[Site "Playchess.com INT"]
[Date "2021.05.04"]
[Round "3"]
[White "Namyslo, Holger"]
[Black "Eilers, Stefan"]
[Result "1/2-1/2"]
[WhiteElo "2000"]
[BlackElo "2255"]
[PlyCount "100"]
[EventDate "2021.05.04"]
[EventType "swiss (blitz)"]
[EventRounds "11"]
[EventCountry "GER"]
[SourceTitle "CBM 202 Extra"]
[Source "ChessBase"]
[SourceDate "2021.07.31"]
[SourceVersion "1"]
[SourceVersionDate "2021.07.31"]
[SourceQuality "1"]

1. e4 d6 2. d4 Nf6 3. Nc3 e5 4. dxe5 dxe5 5. Qxd8+ Kxd8 6. Bg5 Be6 7. f4 exf4 8. Nf3 h6 9. Bxf4 Bc5 10. 0-0-0+ Nbd7 11. Ne5 Kc8 12. Nxd7 Nxd7 13. Nb5 Bb6 14. Nd4 Bg4 15. Rd2 Re8 16. h3 Rxe4 17. hxg4 Rxf4 18. Nf5 Rxf5 19. gxf5 Be3 20. Bc4 Ne5 21. Bb3 c6 22. Re1 Bxd2+ 23. Kxd2 f6 24. Kc3 Kc7 25. Rd1 Rd8 26. Rxd8 Kxd8 27. Kd4 Kc7 28. Ke4 Kd6 29. Bg8 Nd7 30. b4 c5 31. c3 cxb4 32. cxb4 b6 33. Kd4 Nb8 34. a3 Nc6+ 35. Ke4 Ne7 36. Bc4 Nc6 37. Bg8 Ne5 38. Bb3 a6 39. Bg8 a5 40. bxa5 bxa5 41. Kd4 Ng4 42. Bd5 Ne5 43. Be6 Kc6 44. a4 Kd6 45. Bg8 Kc6 46. Bd5+ Kd6 47. Be6 Kc6 48. Bd5+ Kd6 49. Be6 Ng4 50. Bd5 Ne5 1/2-1/2

[Event "GER-ch Net blitz qual1"]
[Site "Playchess.com INT"]
[Date "2021.04.24"]
[Round "6"]
[White "Dittrich, Gunnar"]
[Black "Namyslo, Holger"]
[Result "1-0"]
[WhiteElo "1620"]
[BlackElo "2136"]
[PlyCount "97"]
[EventDate "2021.04.24"]
[EventType "swiss (blitz)"]
[EventRounds "11"]
[EventCountry "GER"]
[SourceTitle "CBM 202 Extra"]
[Source "ChessBase"]
[SourceDate "2021.07.31"]
[SourceVersion "1"]
[SourceVersionDate "2021.07.31"]
[SourceQuality "1"]

1. e4 e6 2. d4 d5 3. Nc3 Bb4 4. exd5 exd5 5. Bd3 Nf6 6. Bg5 0-0 7. Nge2 c6 8. 0-0 Re8 9. a3 Bd6 10. Ng3 h6 11. Bxf6 Qxf6 12. Nce2 Bg4 13. f3 Bc8 14. c3 Nd7 15. Qc2 Nf8 16. Nf5 Bxf5 17. Bxf5 Rxe2 18. Qxe2 Qxf5 19. Rae1 Ne6 20. g3 Qh3 21. Qg2 Qxg2+ 22. Kxg2 Re8 23. Re2 Nc7 24. Rfe1 Rxe2+ 25. Rxe2 Kf8 26. Kf2 f5 27. f4 Kf7 28. Kf3 Ne6 29. Re3 b6 30. h4 g6 31. b4 c5 32. Rd3 cxd4 33. cxd4 Ke7 34. Ke3 g5 35. fxg5 hxg5 36. Kf2 gxh4 37. gxh4 Kf6 38. Rd1 Kg6 39. Ke3 Kh5 40. Rg1 f4+ 41. Kd3 Be7 42. Re1 Bxh4 43. Rxe6 f3 44. Re5+ Kg4 45. Rxd5 Kg3 46. Rf5 Kg2 47. d5 Bd8 48. Ke3 f2 49. Rxf2+ 1-0

[Event "GER-ch Net blitz qual1"]
[Site "Playchess.com INT"]
[Date "2021.04.24"]
[Round "1"]
[White "Namyslo, Holger"]
[Black "Speck, Stefan"]
[Result "1-0"]
[WhiteElo "2136"]
[BlackElo "1654"]
[PlyCount "77"]
[EventDate "2021.04.24"]
[EventType "swiss (blitz)"]
[EventRounds "11"]
[EventCountry "GER"]
[SourceTitle "CBM 202 Extra"]
[Source "ChessBase"]
[SourceDate "2021.07.31"]
[SourceVersion "1"]
[SourceVersionDate "2021.07.31"]
[SourceQuality "1"]

1. e4 d6 2. d4 Nf6 3. Nc3 e5 4. dxe5 dxe5 5. Qxd8+ Kxd8 6. Bg5 Be6 7. f4 exf4 8. 0-0-0+ Kc8 9. Nf3 Bb4 10. Nd5 Nxd5 11. exd5 Bg4 12. Bxf4 f6 13. c3 Bd6 14. Bxd6 cxd6 15. Be2 Bxf3 16. Bxf3 Nd7 17. Bg4 Kc7 18. Bxd7 Kxd7 19. Rhe1 Rhe8 20. Kd2 Re5 21. Rxe5 dxe5 22. c4 Kd6 23. b4 b6 24. Kc3 a5 25. a3 f5 26. Rf1 f4 27. h4 g6 28. Rf3 h6 29. g3 g5 30. hxg5 hxg5 31. gxf4 exf4 32. Kd4 Re8 33. c5+ bxc5+ 34. bxc5+ Kd7 35. Rb3 Kd8 36. d6 Re1 37. Kd5 Kd7 38. c6+ Kc8 39. d7+ 1-0

[Event "GER-ch Seniors 50 32nd"]
[Site "Magdeburg"]
[Date "2020.08.22"]
[Round "9"]
[White "Koehler, Gerhard"]
[Black "Namyslo, Holger"]
[Result "1-0"]
[WhiteElo "2213"]
[BlackElo "2149"]
[PlyCount "173"]
[EventDate "2020.08.14"]
[EventType "swiss"]
[EventRounds "9"]
[EventCountry "GER"]
[SourceTitle "EXT 2021"]
[Source "ChessBase"]
[SourceDate "2020.10.23"]
[SourceVersion "1"]
[SourceVersionDate "2020.10.23"]
[SourceQuality "1"]

1. c4 e5 2. g3 Nf6 3. Bg2 d5 4. cxd5 Nxd5 5. Nc3 Nb6 6. Nf3 Nc6 7. 0-0 Be7 8. Rb1 a5 9. d3 0-0 10. Be3 Be6 11. a3 Nd5 12. Bd2 Nb6 13. Ne4 f6 14. b4 axb4 15. axb4 Nd5 16. Nc5 Bc8 17. Qb3 Kh8 18. Nxe5 Ndxb4 19. Nxc6 Nxc6 20. Nxb7 Qd7 21. Qc4 Ne5 22. Qc2 Qg4 23. Bf4 Ng6 24. Be3 Be6 25. Nc5 Ra2 26. Rb2 Rxb2 27. Qxb2 Bc8 28. Bf3 Qh3 29. Bg2 Qh5 30. Bf3 Qh3 31. Ne4 Ne5 32. Bg2 Qh5 33. Bf4 Ng4 34. h3 Ne5 35. Bxe5 Qxe5 36. Qxe5 fxe5 37. Rc1 Bd8 38. h4 h6 39. Rc5 Re8 40. Nd2 Bg4 41. Kf1 g5 42. Bc6 Rf8 43. hxg5 Bxg5 44. Ne4 Be3 45. Rxe5 Bf5 46. f4 Bh3+ 47. Ke1 Rb8 48. Re8+ Rxe8 49. Bxe8 Kg7 50. Nf2 Be6 51. Bh5 Bd7 52. Nd1 Bd4 53. e3 Bb6 54. Ke2 Ba4 55. Nc3 Bb3 56. Bf3 Ba5 57. Ne4 Bb4 58. Nd2 Ba2 59. Nc4 Bb3 60. Bc6 Bc3 61. e4 Bd4 62. Ne3 Be6 63. Kf3 Bb6 64. e5 Bc5 65. Ke4 Ba2 66. Bd7 Kf7 67. Bb5 Bb1 68. Bc4+ Kg7 69. Nd5 c6 70. Ne3 Kg6 71. Be6 Bf8 72. Bd7 c5 73. Be8+ Kh7 74. f5 Be7 75. f6 Bd8 76. Nc4 Bc2 77. Nd6 Kg8 78. Nb7 Bb6 79. Bb5 Kf7 80. Kf5 c4 81. Bxc4+ Kf8 82. e6 Ba4 83. Nd6 Bd8 84. e7+ Bxe7 85. fxe7+ Kxe7 86. Ne4 h5 87. Kg5 1-0

[Event "GER-ch Seniors 50 32nd"]
[Site "Magdeburg"]
[Date "2020.08.18"]
[Round "5"]
[White "Namyslo, Holger"]
[Black "Biebinger, Gerhard"]
[Result "0-1"]
[WhiteElo "2149"]
[BlackElo "2226"]
[PlyCount "90"]
[EventDate "2020.08.14"]
[EventType "swiss"]
[EventRounds "9"]
[EventCountry "GER"]
[SourceTitle "EXT 2021"]
[Source "ChessBase"]
[SourceDate "2020.10.23"]
[SourceVersion "1"]
[SourceVersionDate "2020.10.23"]
[SourceQuality "1"]

1. e4 c6 2. d4 d5 3. e5 Bf5 4. Bd3 Bxd3 5. Qxd3 e6 6. Ne2 c5 7. dxc5 Nc6 8. Bf4 Bxc5 9. 0-0 Nge7 10. Nd2 Ng6 11. Nf3 0-0 12. Bg3 Rc8 13. c3 Be7 14. Rfe1 a6 15. Rad1 b5 16. a3 Na5 17. Ned4 Nc6 18. Nxc6 Rxc6 19. Nd4 Rb6 20. f4 Bc5 21. Qf3 Rc6 22. Bf2 Bxd4 23. Rxd4 Rc4 24. g4 Rxd4 25. Bxd4 Ne7 26. f5 Nc6 27. f6 Nxd4 28. cxd4 gxf6 29. exf6 Kh8 30. Qf4 b4 31. Re3 bxa3 32. Qh6 Rg8 33. Rxa3 Qb6 34. Qf4 Qxb2 35. Rf3 a5 36. h3 a4 37. Qe3 Ra8 38. Rf2 Qb4 39. Rd2 a3 40. Qh6 Rg8 41. Kg2 Qb3 42. Qf4 a2 43. Qf1 Ra8 44. Qa1 Qb1 45. Rd1 Qxd1 0-1

[Event "GER Cup Net Final-A U2400"]
[Site "Playchess.com INT"]
[Date "2020.06.06"]
[Round "7"]
[White "Joeres, Stefan"]
[Black "Namyslo, Holger"]
[Result "0-1"]
[WhiteElo "2097"]
[BlackElo "1924"]
[PlyCount "126"]
[EventDate "2020.06.06"]
[EventType "swiss (blitz)"]
[EventRounds "13"]
[EventCountry "GER"]
[SourceTitle "CBM 197 Extra"]
[Source "ChessBase"]
[SourceDate "2020.09.30"]
[SourceVersion "1"]
[SourceVersionDate "2020.09.30"]
[SourceQuality "1"]

1. e4 e6 2. d4 d5 3. Bd3 dxe4 4. Bxe4 Nf6 5. Bf3 Be7 6. Ne2 c6 7. 0-0 b6 8. c4 Bb7 9. Nbc3 Nbd7 10. Bf4 0-0 11. Qc2 h6 12. Rad1 Rc8 13. Ng3 Nb8 14. Nge4 Nxe4 15. Nxe4 Nd7 16. Rfe1 Nf6 17. b3 Nxe4 18. Bxe4 Bg5 19. Qc1 Qf6 20. Bxg5 hxg5 21. Rd3 Rfd8 22. Rf3 Qxd4 23. Qxg5 Qxe4 24. Kf1 Qg6 25. Qxg6 fxg6 26. Rxe6 c5 27. Rg3 Re8 28. Rexg6 Re7 29. h4 Rd8 30. Kg1 Rd4 31. Rh3 Bc8 32. Re3 Rxe3 33. fxe3 Rxh4 34. Rc6 Bf5 35. Rc7 Rg4 36. Kf2 Be4 37. g3 Rg6 38. Rxa7 Rf6+ 39. Ke2 Kh7 40. Re7 Bb1 41. Ra7 Kh6 42. Ra4 Kg5 43. b4 cxb4 44. Rxb4 Bxa2 45. Ra4 Bb1 46. Rb4 Be4 47. Rb5+ Kg4 48. c5 bxc5 49. Rxc5 Bf3+ 50. Kf2 Be4+ 51. Ke2 g6 52. Re5 Bf5 53. e4 Re6 54. Rb5 Rxe4+ 55. Kf2 Rc4 56. Rb2 g5 57. Rb3 Rc2+ 58. Kg1 Be4 59. Re3 Bf3 60. Re5 Re2 61. Ra5 Rd2 62. Ra1 Kxg3 63. Re1 Rd1 0-1

[Event "GER Cup Net Final-A U2400"]
[Site "Playchess.com INT"]
[Date "2020.06.06"]
[Round "9"]
[White "Namyslo, Holger"]
[Black "Gungl, Theo"]
[Result "1/2-1/2"]
[WhiteElo "1924"]
[BlackElo "2130"]
[PlyCount "72"]
[EventDate "2020.06.06"]
[EventType "swiss (blitz)"]
[EventRounds "13"]
[EventCountry "GER"]
[SourceTitle "CBM 197 Extra"]
[Source "ChessBase"]
[SourceDate "2020.09.30"]
[SourceVersion "1"]
[SourceVersionDate "2020.09.30"]
[SourceQuality "1"]

1. e4 c5 2. Nf3 d6 3. d4 cxd4 4. Nxd4 Nf6 5. Nc3 a6 6. Bg5 Nbd7 7. f4 h6 8. Bh4 Qb6 9. a3 e5 10. Nf5 exf4 11. Bf2 Qc6 12. Bd3 Nc5 13. Nd4 Qc7 14. 0-0 Be7 15. Nd5 Nxd5 16. exd5 0-0 17. Qf3 Bf6 18. Qxf4 Nxd3 19. cxd3 Be5 20. Qf3 Bd7 21. Rac1 Qd8 22. Be3 Rc8 23. b4 Qh4 24. Rxc8 Bxc8 25. Nf5 Bxf5 26. Qxf5 Qe7 27. Re1 Qh4 28. g3 Bxg3 29. hxg3 Qxg3+ 30. Kf1 Re8 31. Bf2 Rxe1+ 32. Kxe1 Qg2 33. Qc8+ Kh7 34. Qf5+ Kg8 35. Qc8+ Kh7 36. Qf5+ Kg8 1/2-1/2

[Event "GER Cup Net Final-A U2400"]
[Site "Playchess.com INT"]
[Date "2020.06.06"]
[Round "11"]
[White "Namyslo, Holger"]
[Black "Plischki, Sebastian"]
[Result "1-0"]
[WhiteElo "1924"]
[BlackElo "2152"]
[PlyCount "69"]
[EventDate "2020.06.06"]
[EventType "swiss (blitz)"]
[EventRounds "13"]
[EventCountry "GER"]
[SourceTitle "CBM 197 Extra"]
[Source "ChessBase"]
[SourceDate "2020.09.30"]
[SourceVersion "1"]
[SourceVersionDate "2020.09.30"]
[SourceQuality "1"]

1. e4 e5 2. Nf3 Nc6 3. Bc4 Bc5 4. c3 Nf6 5. d4 exd4 6. cxd4 Bb4+ 7. Nc3 Nxe4 8. 0-0 Bxc3 9. d5 Bf6 10. Re1 Ne7 11. Rxe4 d6 12. Bg5 Bxg5 13. Nxg5 0-0 14. Nxh7 Bf5 15. Rh4 Ng6 16. Rh5 Ne5 17. Rxf5 Kxh7 18. Rh5+ Kg8 19. Bd3 g6 20. Rh3 Qf6 21. Qd2 Rfe8 22. Bb5 Re7 23. Qh6 Qg7 24. Qg5 f6 25. Qh4 a6 26. Ba4 b5 27. Bc2 Rae8 28. f4 Nc4 29. Rg3 f5 30. Rg5 Ne3 31. Bd3 Nxd5 32. Bxf5 Qd4+ 33. Kh1 Nxf4 34. Bxg6 Qb4 35. Bxe8+ 1-0

[Event "GER Cup Net V4 U2400"]
[Site "Playchess.com INT"]
[Date "2020.05.31"]
[Round "8"]
[White "Bausch, Thomas"]
[Black "Namyslo, Holger"]
[Result "1/2-1/2"]
[WhiteElo "1814"]
[BlackElo "1941"]
[PlyCount "125"]
[EventDate "2020.05.31"]
[EventType "swiss (blitz)"]
[EventRounds "9"]
[EventCountry "GER"]
[SourceTitle "EXT 2021"]
[Source "ChessBase"]
[SourceDate "2020.10.23"]
[SourceVersion "1"]
[SourceVersionDate "2020.10.23"]
[SourceQuality "1"]

1. e4 e6 2. d4 d5 3. exd5 exd5 4. Bd3 c5 5. c3 Nf6 6. Ne2 Bd6 7. 0-0 0-0 8. Ng3 Nc6 9. dxc5 Bxc5 10. Bg5 h6 11. Bf4 Re8 12. Nd2 Bg4 13. Qc2 Rc8 14. Nb3 Bb6 15. Qd2 Ne4 16. Qc1 Qf6 17. Be3 Nb4 18. Bb5 Re7 19. Bxb6 Qxb6 20. Be2 Bxe2 21. Nxe2 Nd3 22. Qc2 Ndxf2 23. Ned4 Ng4 24. Rae1 Qd6 25. g3 Nxg3 26. Rxe7 Nxf1 27. Qe2 Nfxh2 28. Nf5 Qf4 29. Nbd4 Qc1+ 30. Kg2 Rf8 31. Rxb7 Qg5 32. Ng3 Qh4 33. Re7 Nf3 34. Nxf3 Qf6 35. Re8 Rxe8 36. Qxe8+ Kh7 37. Qe2 Qc6 38. Qd3+ g6 39. Nd4 Qd6 40. Qf3 Ne5 41. Qf2 f5 42. Ngxf5 gxf5 43. Qxf5+ Qg6+ 44. Qxg6+ Kxg6 45. b4 Nd3 46. a4 Kf6 47. b5 Nc5 48. a5 Ke5 49. b6 axb6 50. axb6 Ke4 51. Nb5 Kd3 52. Kg3 Kc4 53. Nd6+ Kxc3 54. b7 Nxb7 55. Nxb7 d4 56. Nc5 Kc4 57. Ne4 d3 58. Kh4 Kd4 59. Nd2 Ke3 60. Nc4+ Kd4 61. Nd2 Kc3 62. Ne4+ Kd4 63. Nd2 1/2-1/2